Eurovision 2026 by scribbles part 2 - Statistics

General Stats
  • This quiz has been taken 51 times
  • The average score is 11 of 12
Answer Stats
Picture Answer % Correct
Austria
98%
Finland
98%
Greece
98%
Serbia
98%
Albania
96%
Portugal
96%
Cyprus
91%
UK
91%
Latvia
89%
Israel
87%
Georgia
77%
United kingdom
60%
No matching quizzes found
Score Distribution
Percent of People with Each Score
Percentile by Number Answered
Your Score History
You have not taken this quiz